[Event "IECC 2017-3.02"]
[Site "IECC email"]
[Date "2018.02.18"]
[Round "?"]
[White "Wenger, Joseph"]
[Black "Canizares Cuadra, Pedro"]
[Result "0-1"]
[WhiteElo "1723"]
[BlackElo "2145"]
[PlyCount "86"]
[EventDate "2018.??.??"]
[EventType "tourn (corr)"]
[SourceTitle "Corr 2020"]
[Source "ChessBase"]
[SourceDate "2019.09.30"]
[SourceVersion "1"]
[SourceVersionDate "2019.09.30"]
[SourceQuality "1"]
[WhiteTeam "United States"]
[BlackTeam "Spain"]
[WhiteTeamCountry "USA"]
[BlackTeamCountry "ESP"]

1. e4 c5 2. Nf3 d6 3. d4 cxd4 4. Nxd4 Nf6 5. f3 e5 6. Nb3 d5 7. Bg5 Be6 8. Bxf6 gxf6 9. Bb5+ Nc6 10. exd5 Bxd5 11. Nc3 Be6 12. Qxd8+ Rxd8 13. Na5 Rc8 14. Nxb7 Ke7 15. Nc5 Nd4 16. Nxe6 Kxe6 17. 0-0-0 Bh6+ 18. Kb1 Rxc3 19. Rxd4 exd4 20. bxc3 Rb8 21. Re1+ Kf5 22. a4 a6 23. Re8 Rb7 24. c4 axb5 25. cxb5 Ra7 26. g4+ Kg5 27. Ka2 Rxa4+ 28. Kb3 Ra7 29. Rh8 Rc7 30. Rxh7 Rc3+ 31. Ka4 Kg6 32. Rh8 Rxc2 33. Rg8+ Kh7 34. Rd8 Be3 35. h4 Rb2 36. Ka5 Rb1 37. h5 Rd1 38. Re8 Ra1+ 39. Kb4 d3 40. Rxe3 d2 41. Rd3 d1Q 42. Rxd1 Rxd1 43. b6 Rf1 0-1

[Event "IECC Swiss-578.3"]
[Site "IECC email"]
[Date "2017.07.11"]
[Round "?"]
[White "Boyce, Harry"]
[Black "Wenger, Joseph"]
[Result "1-0"]
[WhiteElo "2045"]
[BlackElo "1740"]
[PlyCount "35"]
[EventDate "2017.??.??"]
[EventType "swiss (corr)"]
[EventRounds "1"]
[SourceTitle "Corr 2020"]
[Source "ChessBase"]
[SourceDate "2019.09.30"]
[SourceVersion "1"]
[SourceVersionDate "2019.09.30"]
[SourceQuality "1"]
[WhiteTeam "Australia"]
[BlackTeam "United States"]
[WhiteTeamCountry "AUS"]
[BlackTeamCountry "USA"]

1. d4 Nc6 2. d5 Ne5 3. e4 Ng6 4. Nc3 Nf6 5. Nf3 e5 6. dxe6 dxe6 7. Qxd8+ Kxd8 8. h4 Bd6 9. h5 Ne5 10. h6 gxh6 11. Rxh6 Nfg4 12. Rh5 Bd7 13. Nxe5 Bxe5 14. f3 Bg3+ 15. Kd1 Nf6 16. Bg5 Ke7 17. Rh6 Be5 18. f4 1-0

[Event "IECC KO-5096"]
[Site "IECC email"]
[Date "2017.04.08"]
[Round "?"]
[White "Martins, Karin"]
[Black "Wenger, Joseph"]
[Result "1-0"]
[WhiteElo "1961"]
[BlackElo "1757"]
[PlyCount "103"]
[EventDate "2016.??.??"]
[EventType "match (corr)"]
[EventRounds "2"]
[SourceTitle "Corr 2020"]
[Source "ChessBase"]
[SourceDate "2019.09.30"]
[SourceVersion "1"]
[SourceVersionDate "2019.09.30"]
[SourceQuality "1"]
[WhiteTeam "Germany"]
[BlackTeam "United States"]
[WhiteTeamCountry "GER"]
[BlackTeamCountry "USA"]

1. e4 e6 2. d4 d5 3. Nc3 Nf6 4. e5 Nfd7 5. f4 c5 6. Nf3 Nc6 7. Be3 cxd4 8. Nxd4 Bb4 9. a3 Ba5 10. b4 Nxd4 11. Bxd4 Bb6 12. Be2 Bxd4 13. Qxd4 Qb6 14. Nb5 Qxd4 15. Nxd4 0-0 16. Kf2 Nb6 17. a4 f6 18. Kf3 fxe5 19. a5 Nc4 20. Bxc4 Rxf4+ 21. Ke3 Rxd4 22. Bd3 Rxb4 23. Rhb1 Rh4 24. h3 Rf4 25. Rb5 Rb8 26. Rab1 Ra4 27. R1b3 Ra1 28. Rc5 Ra8 29. Rbb5 e4 30. Be2 a6 31. Rb6 Kf8 32. Rc7 g6 33. Rd6 Ke8 34. Rxh7 Rxa5 35. Kd4 b6 36. Ke5 d4+ 37. Kxe4 Rb8 38. Kxd4 Rb7 39. Rxe6+ Bxe6 40. Rxb7 Ra4+ 41. Ke5 b5 42. Bxb5+ axb5 43. Kxe6 Re4+ 44. Kf6 Re2 45. g4 Rxc2 46. Rxb5 Rc6+ 47. Kg7 Rc3 48. h4 Rh3 49. Rb8+ Kd7 50. Rh8 Ke7 51. Kxg6 Ke6 52. h5 1-0

[Event "IECC Swiss-579.2"]
[Site "IECC email"]
[Date "2016.10.25"]
[Round "?"]
[White "Wenger, Joseph"]
[Black "Domingues, Marcos"]
[Result "0-1"]
[WhiteElo "1700"]
[BlackElo "1502"]
[PlyCount "77"]
[EventDate "2016.??.??"]
[EventType "swiss (corr)"]
[EventRounds "1"]
[SourceTitle "Corr 2020"]
[Source "ChessBase"]
[SourceDate "2019.09.30"]
[SourceVersion "1"]
[SourceVersionDate "2019.09.30"]
[SourceQuality "1"]
[WhiteTeam "United States"]
[BlackTeam "Brazil"]
[WhiteTeamCountry "USA"]
[BlackTeamCountry "BRA"]

1. e4 c5 2. Nf3 Nc6 3. d4 cxd4 4. Nxd4 e5 5. Nb5 d6 6. Be3 Nf6 7. Bg5 Be6 8. Nd2 Be7 9. Bxf6 Bxf6 10. Bc4 0-0 11. 0-0 a6 12. Nc3 Rc8 13. Nd5 Bg5 14. c3 Na5 15. Bd3 f5 16. Nf3 Bh6 17. Bc2 g6 18. Qe2 Bxd5 19. exd5 Qb6 20. Ba4 Qc7 21. Rfd1 b5 22. Bc2 b4 23. Qxa6 bxc3 24. bxc3 Qxc3 25. Ba4 Nc4 26. Bb3 e4 27. Ne1 e3 28. Bxc4 exf2+ 29. Kxf2 Be3+ 30. Kf1 Rxc4 31. Rab1 Re4 32. Rb3 Qf6 33. Nf3 g5 34. Qe2 Rfe8 35. Nd2 R4e7 36. Nc4 Bc5 37. Qb2 Qg6 38. Qd2 Qh5 39. Nxd6 0-1

[Event "IECC Swiss-579.1"]
[Site "IECC email"]
[Date "2016.07.25"]
[Round "?"]
[White "Boyce, Harry"]
[Black "Wenger, Joseph"]
[Result "1-0"]
[WhiteElo "2061"]
[BlackElo "1700"]
[PlyCount "77"]
[EventDate "2016.??.??"]
[EventType "swiss (corr)"]
[EventRounds "1"]
[SourceTitle "Corr 2020"]
[Source "ChessBase"]
[SourceDate "2019.09.30"]
[SourceVersion "1"]
[SourceVersionDate "2019.09.30"]
[SourceQuality "1"]
[WhiteTeam "Australia"]
[BlackTeam "United States"]
[WhiteTeamCountry "AUS"]
[BlackTeamCountry "USA"]

1. d4 Nf6 2. c4 e6 3. Nf3 d5 4. Nc3 h6 5. Bf4 Bb4 6. e3 Nc6 7. a3 Bxc3+ 8. bxc3 0-0 9. h3 Bd7 10. Qc2 Ne7 11. cxd5 Nexd5 12. Be5 Nb6 13. Bd3 Ba4 14. Qe2 Qe7 15. 0-0 Rac8 16. Bxf6 Qxf6 17. Be4 Rb8 18. Ne5 c5 19. f4 Qe7 20. f5 exf5 21. Rxf5 Bb3 22. Qd3 g6 23. Rf4 Qe6 24. Rg4 c4 25. Qb1 g5 26. Bf5 Qe7 27. h4 Nd5 28. hxg5 h5 29. Rg3 h4 30. Rg4 Nxe3 31. Qe4 Nxg4 32. Qxg4 Kg7 33. Rf1 Rh8 34. Be4 Rbf8 35. Rf6 Ba4 36. Qf5 Be8 37. Kh2 Qd8 38. d5 h3 39. gxh3 1-0

[Event "IECC Swiss-578.1"]
[Site "IECC email"]
[Date "2016.06.02"]
[Round "?"]
[White "Reinders, John"]
[Black "Wenger, Joseph"]
[Result "1/2-1/2"]
[WhiteElo "1746"]
[BlackElo "1697"]
[PlyCount "103"]
[EventDate "2016.??.??"]
[EventType "swiss (corr)"]
[EventRounds "1"]
[SourceTitle "Corr 2020"]
[Source "ChessBase"]
[SourceDate "2019.09.30"]
[SourceVersion "1"]
[SourceVersionDate "2019.09.30"]
[SourceQuality "1"]
[WhiteTeam "Netherlands"]
[BlackTeam "United States"]
[WhiteTeamCountry "NED"]
[BlackTeamCountry "USA"]

1. e4 e5 2. f4 exf4 3. Nf3 g5 4. h4 g4 5. Ne5 d6 6. Nxg4 Be7 7. d3 Bxh4+ 8. Nf2 Qg5 9. Qd2 Bg3 10. Nc3 Nf6 11. Ne2 Qe5 12. Nxg3 fxg3 13. Nh3 Nc6 14. Ng5 Bg4 15. c3 h6 16. Nf3 Qe6 17. Rxh6 0-0-0 18. Qf4 Rxh6 19. Qxh6 d5 20. Bg5 Rd6 21. Be2 dxe4 22. dxe4 Qxe4 23. Bxf6 Re6 24. 0-0-0 Qxe2 25. Re1 Qxe1+ 26. Nxe1 Rxe1+ 27. Kd2 Re2+ 28. Kd3 Re8 29. Qg5 Be2+ 30. Kd2 b6 31. Qxg3 Re6 32. Qf4 Kb7 33. b4 b5 34. Bh4 Ne5 35. Bg3 Bc4 36. a3 a6 37. Qe4+ Nc6 38. Qf3 Re7 39. Kc1 Bb3 40. Bf4 Re1+ 41. Kb2 Bc4 42. g4 Re2+ 43. Kb1 Re1+ 44. Kc2 Re2+ 45. Bd2 Re5 46. g5 Re2 47. Kd1 Re8 48. Be3 Bd5 49. Qf5 Bb3+ 50. Ke2 Bc4+ 51. Kf2 Rh8 52. Bf4 1/2-1/2

[Event "IECC CL4-2015.06 email"]
[Site "IECC email"]
[Date "2016.03.13"]
[Round "?"]
[White "Laudati, Lelio"]
[Black "Wenger, Joseph"]
[Result "1/2-1/2"]
[WhiteElo "1725"]
[BlackElo "1734"]
[PlyCount "91"]
[EventDate "2016.??.??"]
[EventType "tourn (corr)"]
[EventRounds "4"]
[SourceTitle "Corr 2020"]
[Source "ChessBase"]
[SourceDate "2019.09.30"]
[SourceVersion "1"]
[SourceVersionDate "2019.09.30"]
[SourceQuality "1"]
[WhiteTeam "Italy"]
[BlackTeam "United States"]
[WhiteTeamCountry "ITA"]
[BlackTeamCountry "USA"]

1. c4 e5 2. g3 b6 3. Bg2 d5 4. cxd5 Bb7 5. Nf3 Nf6 6. Nxe5 Bd6 7. Qa4+ Kf8 8. d4 Bxd5 9. Bxd5 Nxd5 10. 0-0 Qe8 11. Qxe8+ Kxe8 12. Nf3 f5 13. Nc3 Nxc3 14. bxc3 Kd7 15. a4 Nc6 16. Ba3 Rhe8 17. e3 Na5 18. Bxd6 cxd6 19. Nd2 Rac8 20. Rfc1 d5 21. Kf1 Re6 22. Ke2 Rh6 23. h4 Rhc6 24. Kd3 Nc4 25. Nxc4 Rxc4 26. a5 b5 27. Ra3 a6 28. Rg1 Rf8 29. f3 Rc6 30. Rb3 h5 31. g4 hxg4 32. fxg4 f4 33. Rf1 f3 34. h5 Ke6 35. Rb2 Kd7 36. Rbf2 Rfc8 37. Rc1 Rf6 38. e4 dxe4+ 39. Kxe4 b4 40. c4 Re8+ 41. Kd3 Rf4 42. c5 b3 43. g5 Kc6 44. h6 Kd5 45. Kc3 gxh6 46. gxh6 1/2-1/2

[Event "IECC CL4-2015.06 email"]
[Site "IECC email"]
[Date "2016.03.13"]
[Round "?"]
[White "Wenger, Joseph"]
[Black "Sylvester, Gary"]
[Result "1-0"]
[WhiteElo "1714"]
[BlackElo "1734"]
[PlyCount "47"]
[EventDate "2016.??.??"]
[EventType "tourn (corr)"]
[EventRounds "4"]
[SourceTitle "Corr 2020"]
[Source "ChessBase"]
[SourceDate "2019.09.30"]
[SourceVersion "1"]
[SourceVersionDate "2019.09.30"]
[SourceQuality "1"]
[WhiteTeam "United States"]
[BlackTeam "United States"]
[WhiteTeamCountry "USA"]
[BlackTeamCountry "USA"]

1. e4 Nf6 2. e5 Nd5 3. d4 d6 4. Nf3 dxe5 5. Nxe5 c6 6. c4 Nb6 7. Be3 e6 8. Nc3 N8d7 9. Nf3 g6 10. Bd3 Bg7 11. 0-0 Nf6 12. Qd2 0-0 13. Rad1 Ng4 14. Bf4 Bd7 15. Ne4 Nf6 16. Nc5 Bc8 17. Rfe1 Re8 18. Bh6 Nbd7 19. Bxg7 Kxg7 20. Ne5 Nxe5 21. dxe5 Nd7 22. Bb1 Re7 23. Ne4 Nxe5 24. Qxd8 1-0

[Event "IECC KO-4039"]
[Site "IECC email"]
[Date "2015.10.01"]
[Round "?"]
[White "Wenger, Joseph"]
[Black "Llorente Alvarez, Jose Luis"]
[Result "0-1"]
[WhiteElo "1728"]
[BlackElo "2197"]
[PlyCount "98"]
[EventDate "2015.??.??"]
[EventType "match (corr)"]
[EventRounds "2"]
[SourceTitle "Corr 2020"]
[Source "ChessBase"]
[SourceDate "2019.09.30"]
[SourceVersion "1"]
[SourceVersionDate "2019.09.30"]
[SourceQuality "1"]
[WhiteTeam "United States"]
[BlackTeam "Spain"]
[WhiteTeamCountry "USA"]
[BlackTeamCountry "ESP"]

1. e4 e5 2. Nf3 Nc6 3. Bc4 Nf6 4. Ng5 d5 5. exd5 Nd4 6. c3 b5 7. Bf1 Nxd5 8. Ne4 Ne6 9. Bxb5+ Bd7 10. Bxd7+ Qxd7 11. 0-0 f5 12. Ng3 g6 13. Re1 Bg7 14. Na3 0-0 15. d3 Ndf4 16. d4 Qd5 17. Bxf4 Nxf4 18. Qb3 Qxb3 19. axb3 exd4 20. cxd4 Bxd4 21. Ne2 Nxe2+ 22. Rxe2 Rfb8 23. Rd1 c5 24. Nc4 Rxb3 25. g3 a5 26. Kg2 Rb4 27. Rc1 a4 28. Rcc2 Kg7 29. Re7+ Kf8 30. Rxh7 Rxc4 31. Rxc4 Bxb2 32. Rxc5 a3 33. Rhc7 a2 34. Rc8+ Rxc8 35. Rxc8+ Kf7 36. Ra8 a1Q 37. Rxa1 Bxa1 38. f4 Ke6 39. h3 Kd5 40. Kf3 Bf6 41. Ke3 Kc4 42. Ke2 Kd4 43. Kf3 Kd3 44. Kf2 Ke4 45. Kg2 Ke3 46. h4 Ke2 47. Kh3 Kf3 48. Kh2 Bd4 49. Kh3 Bf2 0-1

[Event "IECC KO-3088"]
[Site "IECC email"]
[Date "2015.05.20"]
[Round "?"]
[White "Kinna, Michael"]
[Black "Wenger, Joseph"]
[Result "1-0"]
[WhiteElo "1669"]
[BlackElo "1750"]
[PlyCount "91"]
[EventDate "2014.??.??"]
[EventType "match (corr)"]
[EventRounds "2"]
[SourceTitle "Corr 2020"]
[Source "ChessBase"]
[SourceDate "2019.09.30"]
[SourceVersion "1"]
[SourceVersionDate "2019.09.30"]
[SourceQuality "1"]
[WhiteTeam "Australia"]
[BlackTeam "United States"]
[WhiteTeamCountry "AUS"]
[BlackTeamCountry "USA"]

1. e4 e6 2. d4 d5 3. Nc3 Bb4 4. e5 c5 5. a3 Bxc3+ 6. bxc3 Nc6 7. Qg4 Nge7 8. Qxg7 Rg8 9. Qxh7 cxd4 10. cxd4 Nxd4 11. Qd3 Nef5 12. Bb2 Qa5+ 13. Bc3 Qc5 14. Rd1 Nc6 15. Bb2 d4 16. f4 Bd7 17. Rd2 0-0-0 18. Nf3 Qb6 19. c3 dxc3 20. Qxc3 Ne3 21. Ng5 Be8 22. Rxd8+ Kxd8 23. Qd2+ Kc8 24. Ne4 Ne7 25. Nd6+ Kc7 26. Bc1 N7d5 27. Nc4 Nxc4 28. Bxc4 Bc6 29. Rf1 Qc5 30. Bxd5 Rd8 31. Rf2 Rxd5 32. Qc2 Qa5+ 33. Kf1 Kb8 34. Kg1 Ba4 35. Bd2 Bxc2 36. Bxa5 Rxa5 37. Rxc2 Rxa3 38. h4 Ra1+ 39. Kh2 b5 40. h5 Rd1 41. Rc5 a6 42. Rc6 Kb7 43. Rd6 Rc1 44. Rd8 Rc7 45. Re8 b4 46. h6 1-0

[Event "IECC KO-5088"]
[Site "IECC email"]
[Date "2014.07.09"]
[Round "?"]
[White "Balleste, Orlando Peraza"]
[Black "Wenger, Joseph"]
[Result "1-0"]
[WhiteElo "2012"]
[BlackElo "1689"]
[PlyCount "59"]
[EventDate "2014.??.??"]
[EventType "match (corr)"]
[EventRounds "2"]
[SourceTitle "Corr 2020"]
[Source "ChessBase"]
[SourceDate "2019.09.30"]
[SourceVersion "1"]
[SourceVersionDate "2019.09.30"]
[SourceQuality "1"]
[WhiteTeam "Cuba"]
[BlackTeam "United States"]
[WhiteTeamCountry "CUB"]
[BlackTeamCountry "USA"]

1. d4 Nf6 2. c4 g6 3. Nc3 Bg7 4. e4 d6 5. f3 c6 6. Be3 a6 7. Bd3 b5 8. e5 Nfd7 9. f4 Nb6 10. b3 bxc4 11. bxc4 Be6 12. Qe2 d5 13. c5 Nc4 14. Bxc4 dxc4 15. Nf3 Qa5 16. Rc1 Qb4 17. Nh4 f5 18. Nf3 a5 19. 0-0 Na6 20. a3 Qb3 21. Qd2 Qb8 22. Rb1 Qd8 23. Rb6 Qd7 24. Ng5 Nc7 25. Rb7 Bg8 26. d5 cxd5 27. Nb5 c3 28. Qd3 Rc8 29. Nxc7+ Rxc7 30. e6 1-0

[Event "IECC Swiss-567.3"]
[Site "IECC email"]
[Date "2014.03.23"]
[Round "?"]
[White "Humphreys, Bill"]
[Black "Wenger, Joseph"]
[Result "0-1"]
[WhiteElo "1238"]
[BlackElo "1678"]
[PlyCount "48"]
[EventDate "2014.??.??"]
[EventType "swiss (corr)"]
[EventRounds "1"]
[SourceTitle "Corr 2020"]
[Source "ChessBase"]
[SourceDate "2019.09.30"]
[SourceVersion "1"]
[SourceVersionDate "2019.09.30"]
[SourceQuality "1"]
[WhiteTeam "United States"]
[BlackTeam "United States"]
[WhiteTeamCountry "USA"]
[BlackTeamCountry "USA"]

1. d4 Nf6 2. Nf3 g6 3. Bf4 Bg7 4. e3 d5 5. Be2 Nh5 6. Bg3 Nxg3 7. hxg3 c5 8. c3 Qb6 9. Qb3 Qxb3 10. axb3 cxd4 11. Nxd4 0-0 12. Nd2 Rd8 13. 0-0-0 Nc6 14. f4 Rb8 15. Rh2 e5 16. Nxc6 bxc6 17. Rdh1 h5 18. Rh4 exf4 19. gxf4 Re8 20. R1h3 Bf6 21. Rxh5 gxh5 22. Rxh5 Rxe3 23. Bd1 Re1 24. Kc2 Rxd1 0-1

[Event "IECC Swiss-561.4"]
[Site "IECC email"]
[Date "2013.09.13"]
[Round "?"]
[White "Maksimov, Maxim Evgenyevich"]
[Black "Wenger, Joseph"]
[Result "0-1"]
[WhiteElo "1325"]
[BlackElo "1674"]
[PlyCount "76"]
[EventDate "2013.??.??"]
[EventType "swiss (corr)"]
[EventRounds "1"]
[SourceTitle "Corr 2020"]
[Source "ChessBase"]
[SourceDate "2019.09.30"]
[SourceVersion "1"]
[SourceVersionDate "2019.09.30"]
[SourceQuality "1"]
[WhiteTeam "Russia"]
[BlackTeam "United States"]
[WhiteTeamCountry "RUS"]
[BlackTeamCountry "USA"]

1. e4 e6 2. d4 d5 3. Nc3 Bb4 4. e5 Ne7 5. Nf3 c5 6. Bb5+ Bd7 7. Bxd7+ Qxd7 8. 0-0 0-0 9. Ne2 cxd4 10. Nexd4 Ng6 11. c3 Bc5 12. Qd3 Qc7 13. Re1 Nd7 14. b4 Bb6 15. Nb5 Qb8 16. Qc2 Ndxe5 17. Nxe5 Nxe5 18. Bf4 Nf3+ 19. gxf3 Qxf4 20. Qd3 Rac8 21. Rac1 a6 22. Na3 Bc7 23. Nb1 Qxh2+ 24. Kf1 Bb6 25. Rc2 Rc4 26. Ke2 Bxf2 27. Kd1 Qg3 28. Rf1 Bb6 29. Nd2 Rh4 30. Kc1 Rc8 31. Kb1 Qe5 32. Rfc1 h6 33. a3 Qe3 34. Qf1 Qf4 35. c4 Rh2 36. Rd1 Qe3 37. c5 Bc7 38. Re1 Qxa3 0-1

[Event "IECC Swiss-567.2"]
[Site "IECC email"]
[Date "2013.09.02"]
[Round "?"]
[White "Wenger, Joseph"]
[Black "Basson, Heinrich"]
[Result "1/2-1/2"]
[WhiteElo "1644"]
[BlackElo "1773"]
[PlyCount "71"]
[EventDate "2013.??.??"]
[EventType "swiss (corr)"]
[EventRounds "1"]
[SourceTitle "Telechess CBM 165"]
[Source "ChessBase"]
[SourceDate "2015.03.11"]
[SourceVersion "1"]
[SourceVersionDate "2015.03.11"]
[SourceQuality "1"]
[WhiteTeam "US of America"]
[BlackTeam "South Africa"]
[WhiteTeamCountry "USA"]
[BlackTeamCountry "RSA"]

1. e4 d5 2. exd5 Qxd5 3. Nc3 Qa5 4. d4 c6 5. Bc4 Nf6 6. Nf3 Bg4 7. h3 Bh5 8. Bd2 Qc7 9. Qe2 e6 10. g4 Bg6 11. Ne5 Nbd7 12. Nxd7 Qxd7 13. d5 Nxd5 14. Nxd5 b5 15. Ba5 Rc8 16. 0-0-0 Qb7 17. Nc7+ Rxc7 18. Bxc7 Qxc7 19. Bd3 Bxd3 20. Rxd3 Bc5 21. Qd2 0-0 22. f4 a5 23. Rd7 Qb6 24. Re1 a4 25. Qd3 b4 26. f5 Bf2 27. Re5 Bh4 28. fxe6 fxe6 29. Rxe6 Qg1+ 30. Qd1 Qg2 31. Re2 Qxh3 32. Re4 Qg2 33. Re5 a3 34. Kb1 Bf6 35. Re1 axb2 36. Qd3 1/2-1/2

[Event "IECC Swiss-561.3"]
[Site "IECC email"]
[Date "2013.04.22"]
[Round "?"]
[White "Wenger, Joseph"]
[Black "Corbacho, Jose Luis"]
[Result "0-1"]
[WhiteElo "1659"]
[BlackElo "1656"]
[PlyCount "90"]
[EventDate "2013.??.??"]
[EventType "swiss (corr)"]
[EventRounds "1"]
[SourceTitle "Telechess CBM 165"]
[Source "ChessBase"]
[SourceDate "2015.03.11"]
[SourceVersion "1"]
[SourceVersionDate "2015.03.11"]
[SourceQuality "1"]
[WhiteTeam "US of America"]
[BlackTeam "Spain"]
[WhiteTeamCountry "USA"]
[BlackTeamCountry "ESP"]

1. e4 e5 2. Nf3 d6 3. d4 f5 4. Nc3 fxe4 5. Nxe4 d5 6. Ng3 e4 7. Ne5 Nf6 8. Be2 Bd6 9. 0-0 0-0 10. c4 Nbd7 11. Nxd7 Qxd7 12. Qb3 c6 13. Bg5 Qe6 14. Rac1 a5 15. a4 Bd7 16. c5 Bc7 17. Rce1 Rab8 18. f3 b6 19. cxb6 Rxb6 20. Qc3 Bd6 21. fxe4 Bb4 22. Qb3 Rfb8 23. Rb1 Bd2 24. Qxb6 Rxb6 25. Bxd2 Nxe4 26. Bxa5 Nxg3 27. hxg3 Rb8 28. Bc7 Qe3+ 29. Rf2 Rb7 30. Bf4 Qxd4 31. Bd6 Rb3 32. Rd1 Qe3 33. Kf1 g6 34. Rf3 Qb6 35. Rf8+ Kg7 36. Rb8 Qxb8 37. Bxb8 Rxb8 38. Rd2 Kf6 39. a5 Ke5 40. Ke1 c5 41. a6 Bc6 42. Bg4 h5 43. Re2+ Kd6 44. Re6+ Kd7 45. Be2 Kxe6 0-1

[Event "IECC Swiss-559.4"]
[Site "IECC email"]
[Date "2013.04.17"]
[Round "?"]
[White "Wenger, Joseph"]
[Black "Blackman, Leon"]
[Result "0-1"]
[WhiteElo "1669"]
[BlackElo "1830"]
[PlyCount "104"]
[EventDate "2013.??.??"]
[EventType "swiss (corr)"]
[EventRounds "1"]
[SourceTitle "Telechess CBM 165"]
[Source "ChessBase"]
[SourceDate "2015.03.11"]
[SourceVersion "1"]
[SourceVersionDate "2015.03.11"]
[SourceQuality "1"]
[WhiteTeam "US of America"]
[BlackTeam "Australia"]
[WhiteTeamCountry "USA"]
[BlackTeamCountry "AUS"]

1. e4 c6 2. d4 d5 3. Nc3 g6 4. h3 dxe4 5. Nxe4 Bg7 6. Nf3 Nd7 7. Bc4 Ngf6 8. Nxf6+ Nxf6 9. 0-0 0-0 10. Re1 e6 11. Bg5 Qd6 12. Qd2 b5 13. Bf4 Qe7 14. Be2 Bb7 15. c3 Rad8 16. a4 b4 17. cxb4 Nd5 18. Bg5 f6 19. Bf4 Nxf4 20. Qxf4 Qxb4 21. Qe3 Rfe8 22. Rac1 Bf8 23. Bc4 Kg7 24. Bb3 Qb6 25. Bxe6 Bb4 26. Re2 Ba6 27. Rec2 c5 28. d5 Rxd5 29. Bxd5 Rxe3 30. fxe3 Bd3 31. Rf2 Qd6 32. Bc4 Bxc4 33. Rxc4 Qd1+ 34. Kh2 Qxa4 35. Re4 Qd7 36. h4 f5 37. Re5 c4 38. g3 a5 39. Nd4 a4 40. Rc2 Bd6 41. Re6 f4 42. Rxc4 fxg3+ 43. Kg1 Kh6 44. Rc2 Kh5 45. Rd2 Bb8 46. Kg2 Qd5+ 47. e4 Qb7 48. Rc6 Kxh4 49. Nf3+ Kg4 50. Nd4 Qg7 51. Nf3 Qh6 52. Kf1 Qh3+ 0-1

[Event "IECC Swiss-562.2"]
[Site "IECC email"]
[Date "2012.12.04"]
[Round "?"]
[White "Mauro, Danilo"]
[Black "Wenger, Joseph"]
[Result "1-0"]
[WhiteElo "1778"]
[BlackElo "1679"]
[PlyCount "63"]
[EventDate "2012.??.??"]
[EventType "swiss (corr)"]
[EventRounds "1"]
[SourceTitle "Telechess CBM 165"]
[Source "ChessBase"]
[SourceDate "2015.03.11"]
[SourceVersion "1"]
[SourceVersionDate "2015.03.11"]
[SourceQuality "1"]
[WhiteTeam "Italy"]
[BlackTeam "US of America"]
[WhiteTeamCountry "ITA"]
[BlackTeamCountry "USA"]

1. e4 e6 2. d4 d5 3. Nc3 Nc6 4. Nf3 Nf6 5. e5 Nd7 6. Ne2 b6 7. Nf4 Be7 8. h4 Bb7 9. c3 Na5 10. Bd3 h6 11. Nd2 0-0 12. Qg4 Kh8 13. Nf3 Qe8 14. Qh5 Rg8 15. Ng5 Rf8 16. Ng6+ fxg6 17. Bxg6 Qc8 18. Nf7+ Rxf7 19. Bxf7 Nf8 20. Qg4 Nh7 21. Rh3 Qd7 22. Rg3 g5 23. hxg5 Bxg5 24. Bxe6 Qe7 25. Bxg5 Nxg5 26. Bf5 Rg8 27. 0-0-0 Qf8 28. Rh1 c5 29. Bd3 c4 30. Bf5 Nh7 31. Qh5 Rxg3 32. fxg3 1-0

[Event "IECC Swiss-555.4"]
[Site "IECC email"]
[Date "2012.10.25"]
[Round "?"]
[White "Wenger, Joseph"]
[Black "Winbush, Jerome"]
[Result "1/2-1/2"]
[WhiteElo "1668"]
[BlackElo "1573"]
[PlyCount "66"]
[EventDate "2012.??.??"]
[EventType "swiss (corr)"]
[EventRounds "1"]
[SourceTitle "Telechess CBM 165"]
[Source "ChessBase"]
[SourceDate "2015.03.11"]
[SourceVersion "1"]
[SourceVersionDate "2015.03.11"]
[SourceQuality "1"]
[WhiteTeam "US of America"]
[BlackTeam "US of America"]
[WhiteTeamCountry "USA"]
[BlackTeamCountry "USA"]

1. e4 c5 2. Nf3 g6 3. c3 Bg7 4. d4 cxd4 5. cxd4 d5 6. e5 Bg4 7. Qb3 Qd7 8. Bb5 Nc6 9. Bf4 Bxf3 10. Qxf3 e6 11. Nd2 Nge7 12. 0-0 a6 13. Bxc6 Nxc6 14. Qe3 0-0 15. Nf3 Rfe8 16. Bh6 Bh8 17. Bg5 Rec8 18. Rac1 Rc7 19. Rfd1 Rac8 20. Qd2 b5 21. b4 Qe8 22. Rc5 a5 23. a3 axb4 24. axb4 Nb8 25. Ne1 Nd7 26. Rxc7 Rxc7 27. Nd3 Ra7 28. Qc3 Qa8 29. Rc1 Bg7 30. Qc8+ Bf8 31. f3 Nb6 32. Qxa8 Rxa8 33. Rc7 h6 1/2-1/2

[Event "IECC KO-3084"]
[Site "IECC email"]
[Date "2012.08.20"]
[Round "?"]
[White "Jordaan, Wayne"]
[Black "Wenger, Joseph"]
[Result "1/2-1/2"]
[WhiteElo "1835"]
[BlackElo "1637"]
[PlyCount "162"]
[EventDate "2012.??.??"]
[EventType "match (corr)"]
[EventRounds "2"]
[SourceTitle "Telechess CBM 165"]
[Source "ChessBase"]
[SourceDate "2015.03.11"]
[SourceVersion "1"]
[SourceVersionDate "2015.03.11"]
[SourceQuality "1"]
[WhiteTeam "South Africa"]
[BlackTeam "US of America"]
[WhiteTeamCountry "RSA"]
[BlackTeamCountry "USA"]

1. d4 d5 2. c4 e6 3. Nc3 c6 4. Nf3 dxc4 5. a4 Bb4 6. e3 b5 7. Bd2 Bb7 8. axb5 Bxc3 9. Bxc3 cxb5 10. b3 a5 11. bxc4 b4 12. Bb2 Nf6 13. Bd3 Nbd7 14. 0-0 0-0 15. Re1 Be4 16. Bxe4 Nxe4 17. Qc2 f5 18. c5 Qc7 19. Rec1 Qc6 20. Qa4 Rfc8 21. Qxc6 Rxc6 22. Ne1 Nb8 23. f3 Nf6 24. Nd3 Rca6 25. Ne5 Nc6 26. Nxc6 Rxc6 27. Ra4 Kf7 28. Kf2 Ke7 29. Rca1 Rca6 30. Bc1 e5 31. Bd2 exd4 32. exd4 Nd5 33. Ke2 Kd7 34. Kd3 f4 35. Kc4 Ne3+ 36. Bxe3 fxe3 37. d5 Rb8 38. Rb1 Raa8 39. Raa1 a4 40. Rxb4 Rxb4+ 41. Kxb4 a3 42. Kc3 a2 43. Kd3 Ra3+ 44. Ke2 g5 45. g3 h5 46. h4 gxh4 47. gxh4 Ke7 48. f4 Ra5 49. Kxe3 Rxc5 50. Rxa2 Rxd5 51. Rg2 Rd8 52. Rg5 Rh8 53. Rf5 Rh7 54. Ke4 Rh8 55. Ra5 Rc8 56. Rxh5 Kf6 57. Rd5 Re8+ 58. Re5 Rc8 59. h5 Rc4+ 60. Kf3 Rc1 61. Rd5 Rf1+ 62. Kg3 Rg1+ 63. Kf2 Rh1 64. Kg2 Rh4 65. Kg3 Rh1 66. Kf2 Kg7 67. Kg2 Rh4 68. Kg3 Rh1 69. Kg4 Rg1+ 70. Kf5 Kh6 71. Ke6 Rb1 72. Re5 Rb7 73. Rg5 Rb6+ 74. Ke5 Rb5+ 75. Kf6 Rb6+ 76. Kf5 Rb1 77. Rg8 Ra1 78. Re8 Rf1 79. Rc8 Rb1 80. Rd8 Ra1 81. Rh8+ Kg7 1/2-1/2